000 00369nam a22001577a 4500
005 20160426124935.0
008 160426b xxu||||| |||| 00| 0 eng d
020 _a81-7022-267-2
041 _aeng
082 _b00089
100 _aMishra, R.P.
_955
245 _aResearch Methodology
260 _aNew Delhi
_bConcept Publishing Co.,
_c2002
300 _a89
942 _cBK
999 _c15
_d15